| 000 | 00769nam a2200181 a 4500 | ||
|---|---|---|---|
| 008 | 151102s2009 ||||||||||||||||| || u | ||
| 020 | _a9780443068492 | ||
| 050 | _aRD 731 Duc | ||
| 100 | _aDuckworth, Andrew D | ||
| 245 | 1 | 0 |
_aOrthopaedics, trauma and rheumatology _cBy Andrew D. Duckworth, Daniel E. Porter [and] Stuart H. Ralston |
| 260 |
_aEdinburgh _bChurchill Livingstone/Elsevier _c2009 |
||
| 300 | _axii, 254p.: ill. | ||
| 350 | _a40.96 | ||
| 650 | _aMUSCULOSKELETAL DISEASES | ||
| 650 | _aMUSCULOSKELETAL SYSTEM -- INJURIES | ||
| 650 | _aMUSCULOSKELETAL DISEASES--THERAPY | ||
| 995 |
_aMEDICAL LIBRARY OPEN ACCESS _e903328 _FCBU-SCHOOL OF MEDICINE LIBRARY (Ndola) _I40.96 _jRD 731 Duc _M1 _UAVAILABLE _WJan 25, 2016 _y903328 _ZMedical Library Open Access Collection |
||
| 999 |
_c32283 _d32283 |
||